书目信息 |
| 题名: |
极复杂水文地质条件下“三软”煤层安全高效开采的关键技术
|
|
| 作者: | 李延河 , 刘宝敏 , 杨玉中 著 | |
| 分册: | ||
| 出版信息: | 北京 科学出版社 2018.08 |
|
| 页数: | 268页 | |
| 开本: | 26cm | |
| 丛书名: | ||
| 单 册: | ||
| 中图分类: | TD823.2 | |
| 科图分类: | ||
| 主题词: | 水文地质条件--shui wen di zhi tiao jian--影响--三软煤层--煤矿开采--研究 | |
| 电子资源: | ||
| ISBN: | 978-7-03-058052-8 | |
| 000 | 01131nam0 2200265 450 | |
| 001 | 0100011104 | |
| 005 | 20190905093952.0 | |
| 010 | @a978-7-03-058052-8@dCNY108.00 | |
| 100 | @a20190904d2018 em y0chiy50 ea | |
| 101 | 0 | @achi |
| 102 | @aCN@b110000 | |
| 105 | @aak a 000yy | |
| 106 | @ar | |
| 200 | 1 | @a极复杂水文地质条件下“三软”煤层安全高效开采的关键技术@Aji fu za shui wen di zhi tiao jian xia “ san ruan ” mei ceng an quan gao xiao kai cai de guan jian ji shu@f李延河, 刘宝敏, 杨玉中著 |
| 210 | @a北京@c科学出版社@d2018.08 | |
| 215 | @a268页@c图@d26cm | |
| 320 | @a有书目 (第265-268页) | |
| 330 | @a本书针对极复杂水文地质条件下“三软”煤层安全高效开采的技术难题, 综合运用理论分析、数值模拟、地质勘探和现场试验相结合的方法, 对制约安全高效开采的关键技术进行深入而系统的研究, 为煤矿安全高效生产提供理论和技术支撑。 | |
| 606 | 0 | @a水文地质条件@Ashui wen di zhi tiao jian@x影响@x三软煤层@x煤矿开采@x研究 |
| 690 | @aTD823.2@v5 | |
| 701 | 0 | @a李延河@Ali yan he@4著 |
| 701 | 0 | @a刘宝敏@Aliu bao min@4著 |
| 701 | 0 | @a杨玉中@Ayang yu zhong@4著 |
| 801 | 0 | @aCN@c20190905 |
| 905 | @a河南城建学院图书馆@dTD823.2@eL312 | |
| 极复杂水文地质条件下“三软”煤层安全高效开采的关键技术/李延河, 刘宝敏, 杨玉中著.-北京:科学出版社,2018.08 |
| 268页:图;26cm |
| ISBN 978-7-03-058052-8:CNY108.00 |
| 本书针对极复杂水文地质条件下“三软”煤层安全高效开采的技术难题, 综合运用理论分析、数值模拟、地质勘探和现场试验相结合的方法, 对制约安全高效开采的关键技术进行深入而系统的研究, 为煤矿安全高效生产提供理论和技术支撑。 |
| ● |
| 相关链接 |
|
|
|
正题名:极复杂水文地质条件下"三软"煤层安全高效开
索取号:TD823.2/L312
 
预约/预借
| 序号 | 登录号 | 条形码 | 馆藏地/架位号 | 状态 | 备注 |
| 1 | 1439458 | 214394582 | 自科库501/501自科库 117排1列2层/ [索取号:TD823.2/L312] | 在馆 | |
| 2 | 1439459 | 214394591 | 期刊室512/501自科库 21排4列4层/ [索取号:TD823.2/L312] | 在馆 |